Nommez un Pokémon (de Première Génération) de A à Z - Statistiques

Statistiques générales
  • Ce quiz a été pris 231 fois
  • Le résultat moyen est 17 sur 19
Statistiques - réponses
Lettres Pokémon (de Première Génération) % Correct
A Abo | Abra | Aéromite | Akwakwak | Alakazam | Amonistar | Amonita | Aquali | Arbok | Arcanin | Artikodin | Aspicot
97%
B Boustiflor | Bulbizarre
95%
C Canarticho | Caninos | Carabaffe | Carapuce | Chenipan | Chétiflor | Chrysacier | Coconfort | Colossinge | Crustabri
95%
D Dardargnan | Dodrio | Doduo | Dracaufeu | Draco | Dracolosse
95%
P Papilusion | Paras | Parasect | Persian | Piafabec | Pikachu | Poissirène | Poissoroy | Ponyta | Porygon | Psykokwak | Ptéra | Ptitard | Pyroli
95%
R Racaillou | Rafflesia | Raichu | Ramoloss | Rapasdepic | Rattata | Rattatac | Reptincel | Rhinocorne | Rhinoféros | Rondoudou | Ronflex | Roucarnage | Roucool | Roucoups
95%
T Tadmorv | Tartard | Taupiqueur | Tauros | Tentacool | Tentacruel | Têtarte | Tortank | Triopikeur | Tygnon
93%
M M. Mime | Machoc | Machopeur | Mackogneur | Magicarpe | Magmar | Magnéti | Magnéton | Mélodelfe | Mélofée | Métamorph | Mew | Mewtwo | Miaouss | Mimitoss | Minidraco | Mystherbe
92%
S Sabelette | Sablaireau | Salamèche | Saquedeneu | Scarabrute | Smogo | Smogogo | Soporifik | Spectrum | Stari | Staross | Sulfura
92%
E Ectoplasma | Électhor | Électrode | Élektek | Empiflor | Évoli | Excelangue
88%
F Fantominus | Férosinge | Feunard | Flagadoss | Florizarre
88%
O Onix | Ortide | Ossatueur | Osselait | Otaria
87%
G Galopa | Goupix | Gravalanch | Grodoudou | Grolem | Grotadmorv
86%
L Lamantine | Leveinard | Léviator | Lippoutou | Lokhlass
86%
K Kabuto | Kabutops | Kadabra | Kangourex | Kicklee | Kokiyas | Krabboss | Krabby
82%
N Nidoking | Nidoqueen | Nidoran femelle | Nidoran mâle | Nidorina | Nidorino | Noadkoko | Noeunoeuf | Nosferalto | Nosferapti
82%
V Voltali | Voltorbe
78%
H Herbizarre | Hypnomade | Hypocéan | Hypotrempe
75%
I Insécateur
71%
Aucun quiz correspondant
Distribution des résultats
% des personnes avec chaque résultat
Percentile par nombre de réponses
Votre historique - résultats
Vous n’avez pas pris ce quiz